| 000 | 01016nam a22001697a 4500 | ||
|---|---|---|---|
| 008 | 110629t xxu||||| |||| 00| 0 eng d | ||
| 010 | _aHCMAF106 | ||
| 245 | _aHigh Court Misc. Application No. 544 OF 2004 (Arising out of Civil Suit No. 1589 OF 2000) Uganda Land Commission Vs Park Royal LTD and 2 others | ||
| 260 | _c2004 | ||
| 500 | _aBEFORE: HONOURABLE JUSTICE GIDEON TINYINONDI | ||
| 999 |
_c4288 _d4288 |
||